[Event "Warsaw MG-ch 2nd"]
[Site "Warsaw"]
[Date "2012.03.26"]
[Round "10"]
[White "Budrewicz, Henryk"]
[Black "Debinski, Jaroslaw"]
[Result "1-0"]
[WhiteElo "1650"]
[BlackElo "1597"]
[PlyCount "119"]
[EventDate "2012.01.02"]
[EventType "swiss"]
[EventRounds "11"]
[EventCountry "POL"]
[SourceTitle "EXT 2014"]
[Source "ChessBase"]
[SourceDate "2013.11.20"]
[SourceVersion "1"]
[SourceVersionDate "2013.11.20"]
[SourceQuality "1"]

1. d4 Nf6 2. Nf3 g6 3. c4 Bg7 4. Nc3 0-0 5. e4 d6 6. Bd3 Bg4 7. h3 Bxf3 8. Qxf3 Nc6 9. Be3 Nd7 10. Ne2 e5 11. d5 Ne7 12. g4 c6 13. 0-0 c5 14. Ng3 a6 15. Qe2 Rb8 16. Qd2 Kh8 17. g5 f5 18. gxf6 Nxf6 19. f4 exf4 20. Bxf4 Nh5 21. Nxh5 gxh5 22. Bg5 Qd7 23. Qg2 Ng6 24. Rf5 h6 25. Be3 Nh4 26. Rxf8+ Rxf8 27. Qg3 Rf3 28. Qxh4 Rxe3 29. Bf1 Bd4 30. Kh1 Qe8 31. Bg2 Be5 32. Qf2 Rg3 33. Rf1 Qg8 34. Qd2 Qg7 35. b3 b5 36. Rf3 Kh7 37. Qf2 h4 38. Rf7 Rxg2 39. Rxg7+ Rxg7 40. Qxh4 bxc4 41. bxc4 Rb7 42. Qe1 Rb2 43. Qa5 Rh2+ 44. Kg1 Rxh3 45. Qc7+ Kg6 46. Qd8 Rh2 47. Qg8+ Kh5 48. Qf7+ Kg5 49. Qf5+ Kh4 50. Qxe5 dxe5 51. Kxh2 Kg5 52. Kg3 Kf6 53. Kg4 Kg6 54. a3 a5 55. a4 Kf6 56. Kh5 Kg7 57. d6 Kf6 58. Kxh6 Ke6 59. Kg5 Kxd6 60. Kf6 1-0

[Event "Warsaw MG-ch 2nd"]
[Site "Warsaw"]
[Date "2012.02.20"]
[Round "6"]
[White "Pajak, Jakub Lech"]
[Black "Debinski, Jaroslaw"]
[Result "0-1"]
[WhiteElo "1693"]
[BlackElo "1597"]
[PlyCount "110"]
[EventDate "2012.01.02"]
[EventType "swiss"]
[EventRounds "11"]
[EventCountry "POL"]
[SourceTitle "EXT 2014"]
[Source "ChessBase"]
[SourceDate "2013.11.20"]
[SourceVersion "1"]
[SourceVersionDate "2013.11.20"]
[SourceQuality "1"]

1. Nf3 Nf6 2. c4 g6 3. g3 Bg7 4. Bg2 0-0 5. Nc3 c6 6. d4 e6 7. Bd2 d5 8. b3 Ne4 9. 0-0 Nxd2 10. Qxd2 Nd7 11. Rab1 Nf6 12. Ne5 Nd7 13. Nxd7 Bxd7 14. Na4 Rb8 15. e3 b6 16. c5 e5 17. dxe5 Bxe5 18. b4 Bf5 19. Rb3 Be6 20. Rd3 Qc7 21. Rc1 b5 22. Nb2 Rfd8 23. Ra3 d4 24. Nd3 dxe3 25. Qxe3 Bg7 26. Ra6 Bd5 27. Bxd5 Rxd5 28. Nf4 Rd4 29. Re1 Rxb4 30. Qe7 Qxe7 31. Rxe7 Bf8 32. Rexa7 Bxc5 33. Ra8 Rxa8 34. Rxa8+ Kg7 35. Nd3 Rc4 36. Rc8 Bd4 37. Kg2 c5 38. Nf4 Rc2 39. Rc7 Rxf2+ 40. Kh3 Rxa2 41. Ne6+ Kf6 42. Nd8 g5 43. Rxf7+ Kg6 44. Rb7 h5 45. Rb6+ Bf6 46. g4 Ra3+ 47. Kg2 hxg4 48. Ne6 Kf5 49. Nxc5 Ra2+ 50. Kf1 Rb2 51. Nd7 Bd4 52. Rd6 Ke4 53. Rg6 Kf3 54. Ke1 Bc3+ 55. Kd1 Rd2+ 0-1

[Event "Warsaw MG-ch 2nd"]
[Site "Warsaw"]
[Date "2012.01.02"]
[Round "1"]
[White "Debinski, Jaroslaw"]
[Black "Grabowicz, Marcin"]
[Result "0-1"]
[WhiteElo "1597"]
[BlackElo "1781"]
[PlyCount "31"]
[EventDate "2012.01.02"]
[EventType "swiss"]
[EventRounds "11"]
[EventCountry "POL"]
[SourceTitle "EXT 2014"]
[Source "ChessBase"]
[SourceDate "2013.11.20"]
[SourceVersion "1"]
[SourceVersionDate "2013.11.20"]
[SourceQuality "1"]

1. d4 Nf6 2. c4 c5 3. d5 b5 4. b3 g6 5. Bb2 Bg7 6. Qc2 0-0 7. Nd2 d6 8. e4 e6 9. dxe6 Bxe6 10. cxb5 a6 11. a4 Re8 12. f3 d5 13. e5 Nh5 14. Qxc5 Nd7 15. Qe3 Nxe5 16. f4 0-1